000 00450nam a2200181Ia 4500
005 20240823042034.0
008 240823s9999||||xx |||||||||||||| ||und||
041 _aENGLISH
082 _A621.3 P6
100 _aBakshi U A
245 0 _aElectrical Engineering & Control Systems
250 _a1st
260 _c2006
_b"Technical Pub,Ch"
500 _aTRANSFERED
650 _aControl System
_bElectrical
700 _a Bakshi A V
942 _cBK
999 _c206925
_d206925